000 01012pam a2200313 i 4500
005 20260322212031.0
008 data
010 _a 75004703
020 _a0816431493 :
_c{dollar}6.95
020 _a9780816431496 :
_c{dollar}6.95
040 _aDLC
_cDLC
_dDLC
042 _alcac
043 _an-us---
050 0 0 _aGT4975
_b.B37
082 0 0 _a394.2649
_221
092 _a394.2 B37 1975
100 1 _aBarth, Edna.
245 1 0 _aTurkeys, Pilgrims, and Indian corn :
_bthe story of the Thanksgiving symbols /
_cEdna Barth & Ursula Arndt.
260 _aNew York :
_bSeabury Press,
_c[1975]
300 _a96 p. :
_bcol. ill. ;
_c26 cm.
500 _a"A Clarion book."
504 _aIncludes bibliographical references and index.
520 _aTraces the history of this American harvest celebration and the development of its symbols and legends.
650 0 _aThanksgiving Day
_xJuvenile literature.
650 1 _aThanksgiving Day.
650 1 _aHolidays.
700 1 _aArndt, Ursula,
_eill.
001 data
999 _c723
_d723